00683nam a2200193Ia 4500008004100000020002000041082002000061100001300081245005400094260003400148300001300182365002700195366000800222505002000230530000900250620012200259630005400381730005400435100315s9999 xx 000 0 und d a81-7274-053-0  b2731 a658.4  aNabhi's  aHow To Maintain Business & Professionals Accounts aNew Delhi bNabhi  c1993  a188p.   eRupees d1 b60.00  f0  gTushar Jadhav  b-   a"Characteristic of Company, Planning for Incorporation, Registration, Resolution of The First Meeting of The Board " aHow To Maintain Business & Professionals Accounts aHow To Maintain Business & Professionals Accounts